| 000 | 00537nam a2200193 4500 | ||
|---|---|---|---|
| 001 | 123796 | ||
| 003 | ES-MaACL | ||
| 007 | t| | ||
| 008 | 070214s1954 sp r ||||1| spa d | ||
| 100 | 0 |
_aQuiroga, Elena, _d1921-1995 _994768 |
|
| 245 | 1 | 0 |
_aAlgo pasa en la calle / _cElena Quiroga. |
| 250 | _a1ª. ed. | ||
| 260 |
_aBarcelona : _bDestino, _c1954. |
||
| 300 |
_a220 p. ; _c19 cm. |
||
| 490 | 1 |
_aAncora y delfín ; _v102 |
|
| 830 | 0 | 0 |
_aÁncora y Delfín _v102 _9151298 |
| 852 |
_aES-MaACL _jC-9024 _bR.37166 |
||
| 999 |
_c123796 _d123796 |
||